| 000 | 00438nam a2200145Ia 4500 | ||
|---|---|---|---|
| 008 | 210430s9999 xx 000 0 und d | ||
| 020 | _a978-0073107684 | ||
| 082 | _a621.4021 C395 T | ||
| 100 |
_aYunus A.Cengel Michael A.Boles _954221 |
||
| 245 |
_aThermodynamics An Engineering Approach 5th edition / _cYunus A.Cengel Michael A.Boles |
||
| 250 | _a5th edition | ||
| 260 |
_aNew York _bPhotocopy |
||
| 300 | _a932 p | ||
| 942 |
_cBK _2ddc |
||
| 999 |
_c565007 _d565007 |
||